The golden door / (Record no. 2677)

MARC details
000 -LEADER
fixed length control field 01473cam a2200409 a 4500
005 - DATE AND TIME OF LATEST TRANSACTION
control field 20240109144828.0
020 ## - INTERNATIONAL STANDARD BOOK NUMBER
International Standard Book Number 9780545429900 (hc)
020 ## - INTERNATIONAL STANDARD BOOK NUMBER
International Standard Book Number 9780545429917
020 ## - INTERNATIONAL STANDARD BOOK NUMBER
International Standard Book Number 0545429900 (pb)
040 ## - CATALOGING SOURCE
Original cataloging agency NJQ/DLC
Transcribing agency NJQ
050 00 - LIBRARY OF CONGRESS CALL NUMBER
Classification number PZ7.R5996
Item number Gol 2012
082 00 - DEWEY DECIMAL CLASSIFICATION NUMBER
Classification number 823.914
Edition number 23
100 1# - MAIN ENTRY--PERSONAL NAME
Personal name Rodda, Emily
245 14 - TITLE STATEMENT
Title The golden door /
Statement of responsibility, etc. Emily Rodda
250 ## - EDITION STATEMENT
Edition statement First paperback printing, January 2013
260 ## - PUBLICATION, DISTRIBUTION, ETC.
Place of publication, distribution, etc. New York :
Name of publisher, distributor, etc. Scholastic Press,
Date of publication, distribution, etc. 2012
300 ## - PHYSICAL DESCRIPTION
Extent 264 pages :
Dimensions 20 cm
490 0# - SERIES STATEMENT
Series statement The Three Doors Trilogy ;
Volume/sequential designation Book 1
500 ## - GENERAL NOTE
General note Originally published: Parkside, S. Aust. : Omnibus Books, c2011.
505 ## - FORMATTED CONTENTS NOTE
Formatted contents note P
520 ## - SUMMARY, ETC.
Summary, etc. At night the skimmers fly over the Wall looking for human prey and the people of Weld huddle in their houses, but after his two brothers set out through the magic doors in an attempt to find the Enemy and don't come back, young Rye knows that he must follow and find them.
521 ## - TARGET AUDIENCE NOTE
Target audience note 820
Source Lexile
521 ## - TARGET AUDIENCE NOTE
Target audience note P
Source Raz-Plus
650 #0 - SUBJECT ADDED ENTRY--TOPICAL TERM
Topical term or geographic name entry element Brothers
Form subdivision Juvenile fiction.
650 #0 - SUBJECT ADDED ENTRY--TOPICAL TERM
Topical term or geographic name entry element Monsters
Form subdivision Juvenile fiction.
650 #0 - SUBJECT ADDED ENTRY--TOPICAL TERM
Topical term or geographic name entry element Magic
Form subdivision Juvenile fiction.
650 #0 - SUBJECT ADDED ENTRY--TOPICAL TERM
Topical term or geographic name entry element Adventure stories.
650 #1 - SUBJECT ADDED ENTRY--TOPICAL TERM
Topical term or geographic name entry element Brothers
Form subdivision Fiction.
650 #1 - SUBJECT ADDED ENTRY--TOPICAL TERM
Topical term or geographic name entry element Monsters
Form subdivision Fiction.
650 #1 - SUBJECT ADDED ENTRY--TOPICAL TERM
Topical term or geographic name entry element Magic
Form subdivision Fiction.
650 #1 - SUBJECT ADDED ENTRY--TOPICAL TERM
Topical term or geographic name entry element Adventure and adventurers
Form subdivision Fiction.
650 #1 - SUBJECT ADDED ENTRY--TOPICAL TERM
Topical term or geographic name entry element Fantasy.
655 #7 - INDEX TERM--GENRE/FORM
Genre/form data or focus term Adventure fiction.
Source of term gsafd
906 ## - LOCAL DATA ELEMENT F, LDF (RLIN)
a 7
b cbc
c orignew
d 1
e ecip
f 20
g y-gencatlg
942 ## - ADDED ENTRY ELEMENTS (KOHA)
Source of classification or shelving scheme Dewey Decimal Classification
Koha item type Books
Suppress in OPAC No
999 ## -
-- 2677
-- 2677
Holdings
Withdrawn status Lost status Source of classification or shelving scheme Damaged status Not for loan Collection Home library Current library Shelving location Date acquired Total Checkouts Full call number Barcode Date last seen Price effective from Koha item type
    Dewey Decimal Classification     Fiction Footprints International School Library Network Toul Kork Campus Footprints International School Library Network Toul Kork Campus TTP Secondary Fiction Bookshelves 01/09/2024   ROD 823.914 PZ7.R5996 FISSE01462 01/09/2024 01/09/2024 Books